000 01066nam a22002897i 4500
999 _c23047
_d23047
003 AR-CdUCM
008 240913b20172017 pe||||| |||| 00| 0 spa d
020 _a978-612-4221-65-1
040 _aMUNICIPALIDAD PROVINCIAL DEL CUSCO
_cBIBLIOTECA MUNICIPAL DEL CUSCO
041 _hspa
082 _a641.5985 / A76
_bA76
100 _aArquíñigo Vidal, Ronald
_950428
245 _aLos Valores de la Tradición Culinaria Peruana /
260 _aLima :
_bUniversidad de San Martín de Porres
_c2017
300 _a251 Páginas. :
_c25 cm.
500 _zBibliografía: Página 251
505 _aEl cocinero en el ámbito culinario -- El contexto social de un cocinero -- El gran templo de la picantería arequipeña -- La capitana, razones de un nombre -- El kankacho, sabor de un pueblo
650 _aKankacho
_950429
650 _aRocoto
_950430
650 _aTradición
_950431
650 _aTamales
_950432
650 _aPatarashca
_950433
650 _aInchicapi
_950434
650 _aMono verde
_950435
942 _2ddc
_cLIBROS
945 _apbj
_d2024-09-13